[Event "SRI-chB"]
[Site "Malabe"]
[Date "2015.06.27"]
[Round "7"]
[White "Nanayakkara, JAK Saranath"]
[Black "Prabath, DG Ravi"]
[Result "0-1"]
[WhiteElo "1872"]
[BlackElo "1812"]
[PlyCount "164"]
[EventDate "2015.06.19"]
[EventType "swiss"]
[EventRounds "10"]
[EventCountry "SRI"]
[SourceTitle "CBM 167 Extra"]
[Source "ChessBase"]
[SourceDate "2015.09.14"]
[SourceVersion "1"]
[SourceVersionDate "2015.09.14"]
[SourceQuality "1"]

1. Nf3 Nf6 2. g3 d5 3. Bg2 Bg4 4. 0-0 Nbd7 5. d4 e6 6. c3 Be7 7. Nbd2 0-0 8. h3 Bh5 9. g4 Bg6 10. Nh4 c6 11. Nxg6 hxg6 12. e4 dxe4 13. Nxe4 Nxe4 14. Bxe4 Qc7 15. f4 Nf6 16. Bg2 Rad8 17. Qf3 Rd7 18. f5 gxf5 19. gxf5 e5 20. Be3 Rfd8 21. Rad1 Qa5 22. dxe5 Qxe5 23. Bxa7 Bc5+ 24. Bxc5 Qxc5+ 25. Kh1 Rxd1 26. Rxd1 Rxd1+ 27. Qxd1 Qxf5 28. Kg1 g6 29. Qf1 Qe5 30. Qf2 Nh5 31. c4 Nf4 32. b3 Qg5 33. Kh1 Nxg2 34. Qxg2 Qxg2+ 35. Kxg2 Kf8 36. Kf3 Ke7 37. Ke4 Kd6 38. h4 b6 39. b4 b5 40. c5+ Ke6 41. Kd4 f6 42. Kd3 Ke5 43. Ke3 Kd5 44. Kd3 f5 45. Ke3 Ke5 46. Kd3 f4 47. Ke2 Ke4 48. a4 f3+ 49. Kd2 bxa4 50. b5 a3 51. bxc6 a2 52. c7 a1Q 53. c8Q Qb2+ 54. Kd1 Qe2+ 55. Kc1 f2 56. Qe6+ Kf3 57. Qf6+ Kg3 58. Qd6+ Kxh4 59. Qh2+ Kg5 60. Qg2+ Kf4 61. Qh2+ Ke4 62. Qh4+ Kd3 63. Qd8+ Kc4 64. Qg8+ Kxc5 65. Qc8+ Kd4 66. Qd7+ Kc3 67. Qg7+ Kb4 68. Qf8+ Kb5 69. Qb8+ Kc5 70. Qc7+ Kd4 71. Qd6+ Ke3 72. Qe6+ Kf3 73. Qh3+ Kf4 74. Qh4+ Kf5 75. Qh3+ Qg4 76. Qd3+ Qe4 77. Qd7+ Kg5 78. Qd8+ Kg4 79. Qc8+ Qf5 80. Qc4+ Qf4+ 81. Qxf4+ Kxf4 82. Kc2 f1Q 0-1

[Event "Ambalangoda Dhamso op 5th"]
[Site "Ambalangoda"]
[Date "2015.05.31"]
[Round "5"]
[White "Abeysinghe, HMH Janandani"]
[Black "Prabath, DG Ravi"]
[Result "0-1"]
[WhiteElo "1428"]
[BlackElo "1812"]
[PlyCount "104"]
[EventDate "2015.05.29"]
[EventType "swiss"]
[EventRounds "9"]
[EventCountry "SRI"]
[SourceTitle "EXT 2016"]
[Source "ChessBase"]
[SourceDate "2015.10.08"]
[SourceVersion "1"]
[SourceVersionDate "2015.10.08"]
[SourceQuality "1"]

1. e4 c6 2. d4 d5 3. exd5 cxd5 4. c3 Nf6 5. Bd3 Nc6 6. Nf3 Bg4 7. 0-0 e6 8. Be3 Qc7 9. Nbd2 Be7 10. Qc2 Rc8 11. Rac1 0-0 12. Bg5 h6 13. Bxf6 Bxf6 14. h3 Bxf3 15. Nxf3 a6 16. Rfe1 b5 17. Re2 Qf4 18. Qd2 Qxd2 19. Rxd2 Nxd4 20. Nxd4 Bxd4 21. Bxb5 Bxf2+ 22. Kxf2 axb5 23. Rd4 Rc4 24. Ke3 Rfc8 25. Rxc4 Rxc4 26. b3 Rc7 27. Kd4 Kf8 28. c4 bxc4 29. bxc4 dxc4 30. Rxc4 Rxc4+ 31. Kxc4 Ke7 32. g4 g6 33. a4 Kd6 34. Kd4 f5 35. gxf5 gxf5 36. h4 e5+ 37. Kc4 Kc6 38. h5 e4 39. Kd4 Kb6 40. Ke5 e3 41. Kxf5 e2 42. Kg6 e1Q 43. Kxh6 Qe5 44. Kg6 Qh8 45. h6 Ka5 46. h7 Kxa4 47. Kh6 Kb5 48. Kg6 Kc5 49. Kh6 Kd5 50. Kg6 Ke5 51. Kh6 Kf5 52. Kh5 Qxh7# 0-1